[Event "XXXIV Open Internacional de Barbera del Valles - G
[Site "Barbera del Valles (Spain)"]
[Date "2011.07.04"]
[Round "1"]
[Board "1"]
[White "VIDARTE MORALES, Arturo"]
[Black "AMORES GAGO, Javier"]
[Result "1/2-1/2"]
[WhiteElo "2359"]
[BlackElo "2041"]
[PlyCount "110"]
[EventDate "2011.07.04"]
[EventRounds "9"]
[EventCountry "ESP"]

1.c4 d6 2.Nc3 e5 3.g3 f5 4.Bg2 Nf6 5.e3 g6 6.d3 Bg7 7.Nge2 O-O 8.O-O a5 9.b3 c6
10.Bb2 Na6 11.Qd2 Re8 12.Rae1 d5 13.cxd5 cxd5 14.f4 e4 15.Nd1 Bd7 16.Nf2 Rc8
17.Bc3 b6 18.Rc1 Qe7 19.dxe4 dxe4 20.Rfd1 Rcd8 21.Qd6 Bb5 22.Qxe7 Rxd1+ 23.Rxd1
Rxe7 24.Rd8+ Re8 25.Rd6 Bxe2 26.Bxf6 Bxf6 27.Rxf6 Rc8 28.h3 Rc1+ 29.Kh2 Rc2
30.g4 Bf3 31.Bxf3 Rxf2+ 32.Bg2 fxg4 33.hxg4 Rxa2 34.Kg3 Nc5 35.Bf1 Nd3 36.Rxb6
Rb2 37.Rb5 Kg7 38.Bg2 Re2 39.Rb7+ Kg8 40.Rb8+ Kg7 41.Rb7+ Kg8 42.Bxe4 Rxe3+
43.Bf3 Ne1 44.Rb8+ Kf7 45.Rb7+ Ke6 46.f5+ gxf5 47.gxf5+ Kxf5 48.Kf2 Rxf3+
49.Kxe1 h5 50.Ke2 Rg3 51.Kf2 Rc3 52.Rb5+ Kg4 53.Rxa5 Rxb3 54.Kg2 Rb2+ 55.Kg1
Rb1+ 1/2-1/2

[Event "XXXIV Open Internacional de Barbera del Valles - G
[Site "Barbera del Valles (Spain)"]
[Date "2011.07.04"]
[Round "1"]
[Board "1"]
[White "VAN DER VEEN, Ronald"]
[Black "FENOLLAR JORDA, Manuel"]
[Result "0-1"]
[WhiteElo "2034"]
[BlackElo "2358"]
[PlyCount "82"]
[EventDate "2011.07.04"]
[EventRounds "9"]
[EventCountry "ESP"]

1.d4 d5 2.Nf3 Nf6 3.c4 c6 4.Nc3 a6 5.Bg5 dxc4 6.a4 Nd5 7.a5 Bf5 8.e3 h6 9.Bh4 g5
10.Bg3 Nb4 11.e4 Bg6 12.Qa4 e6 13.Rd1 Nd7 14.Rd2 Be7 15.Ne5 Nxe5 16.Bxe5 O-O
17.Bxc4 Bd6 18.Bg3 Qe7 19.O-O Rac8 20.Qb3 Kg7 21.f4 gxf4 22.Bxf4 Bxf4 23.Rxf4 e5
24.dxe5 Rcd8 25.Rdf2 Qc5 26.Na4 Qxa5 27.Bxf7 Nd3 28.e6 Nxf4 29.Rxf4 Bxf7 30.exf7
Qe1+ 31.Rf1 Qxe4 32.Qg3+ Kh8 33.Nc3 Qd4+ 34.Qf2 Qxf2+ 35.Rxf2 Kg7 36.h3 Rxf7
37.Re2 Rd4 38.g4 Rfd7 39.Re6 Rd2 40.Ne4 Rxb2 41.Kh1 Rd1# 0-1

[Event "XXXIV Open Internacional de Barbera del Valles - G
[Site "Barbera del Valles (Spain)"]
[Date "2011.07.04"]
[Round "1"]
[Board "1"]
[White "DOMINGUEZ PONS, Eric"]
[Black "GUIX TORRES, David"]
[Result "1/2-1/2"]
[WhiteElo "2344"]
[BlackElo "2019"]
[PlyCount "62"]
[EventDate "2011.07.04"]
[EventRounds "9"]
[EventCountry "ESP"]

1.d4 d5 2.Nf3 Nf6 3.Bg5 Nbd7 4.e3 e6 5.c4 c6 6.Nc3 Qa5 7.cxd5 Nxd5 8.Qd2 Bb4
9.Rc1 O-O 10.e4 Nxc3 11.bxc3 Ba3 12.Rb1 e5 13.Bd3 b5 14.O-O Qc7 15.Bh4 a6 16.Bg3
Bd6 17.Rfc1 c5 18.dxe5 Nxe5 19.Nxe5 Bxe5 20.f4 c4 21.fxe5 cxd3 22.Qxd3 Be6 23.a3
Qc5+ 24.Bf2 Qxa3 25.Bd4 Qe7 26.Qe3 Rfc8 27.Rf1 a5 28.Rf2 a4 29.Rxb5 a3 30.Rb1 a2
31.Ra1 Rcb8 1/2-1/2

[Event "XXXIV Open Internacional de Barbera del Valles - G
[Site "Barbera del Valles (Spain)"]
[Date "2011.07.04"]
[Round "1"]
[Board "1"]
[White "SANCHEZ DENGRA, Jose Maria"]
[Black "SANCHEZ IBERN, Marc"]
[Result "0-1"]
[WhiteElo "1986"]
[BlackElo "2327"]
[PlyCount "74"]
[EventDate "2011.07.04"]
[EventRounds "9"]
[EventCountry "ESP"]

1.e4 c5 2.Nf3 d6 3.d4 Nf6 4.Nc3 cxd4 5.Nxd4 Nc6 6.Bg5 Bd7 7.Qd2 Rc8 8.O-O-O Nxd4
9.Qxd4 Qa5 10.Bxf6 gxf6 11.Qd5 Bh6+ 12.Kb1 Qb6 13.Qd4 Qxd4 14.Rxd4 f5 15.Nd5 Bg7
16.Rb4 Bc6 17.Bd3 e6 18.Ne3 a5 19.Rb3 fxe4 20.Bb5 d5 21.Rd1 O-O 22.Bxc6 bxc6
23.c3 f5 24.Nc2 e5 25.Rb6 Rfd8 26.Ra6 d4 27.Rxa5 dxc3 28.Rxd8+ Rxd8 29.bxc3 Rd1+
30.Kb2 Rd2 31.Kb3 Rxf2 32.a4 f4 33.Ra8+ Kf7 34.a5 f3 35.gxf3 exf3 36.Ne1 Rf1
37.Nd3 e4 0-1

[Event "XXXIV Open Internacional de Barbera del Valles - G
[Site "Barbera del Valles (Spain)"]
[Date "2011.07.04"]
[Round "1"]
[Board "1"]
[White "THAKUR, Akash"]
[Black "GARCIA DE LOMAS GUERRERO, Carlo"]
[Result "1-0"]
[WhiteElo "2327"]
[BlackElo "1980"]
[PlyCount "67"]
[EventDate "2011.07.04"]
[EventRounds "9"]
[EventCountry "ESP"]

1.d4 Nf6 2.Nf3 d5 3.Bf4 Nbd7 4.e3 e6 5.Nbd2 Be7 6.h3 O-O 7.Bd3 b6 8.O-O Bb7 9.c3
Ne4 10.Ne5 f5 11.f3 Nxd2 12.Qxd2 Nxe5 13.Bxe5 Bd6 14.f4 Bxe5 15.fxe5 Qh4 16.a4
h5 17.a5 g5 18.Qf2 Qxf2+ 19.Rxf2 g4 20.h4 Kg7 21.b4 c6 22.c4 Kg6 23.Kh2 Rf7
24.Rfa2 Rff8 25.Kg3 Rfd8 26.axb6 axb6 27.Rxa8 Rxa8 28.Rxa8 Bxa8 29.cxd5 cxd5
30.Bb5 Bb7 31.Kf4 Bc8 32.g3 Kh6 33.Be8 Ba6 34.Bd7 1-0

[Event "XXXIV Open Internacional de Barbera del Valles - G
[Site "Barbera del Valles (Spain)"]
[Date "2011.07.04"]
[Round "1"]
[Board "1"]
[White "GEORGIEVA, Emilia"]
[Black "CODENOTTI, Marco"]
[Result "0-1"]
[WhiteElo "1975"]
[BlackElo "2323"]
[PlyCount "96"]
[EventDate "2011.07.04"]
[EventRounds "9"]
[EventCountry "ESP"]

1.d4 Nf6 2.Nf3 g6 3.c3 Bg7 4.Bg5 O-O 5.Nbd2 d5 6.e3 Nbd7 7.h4 Qe8 8.Be2 e5
9.dxe5 Nxe5 10.Nxe5 Qxe5 11.Bf4 Qe7 12.h5 c5 13.hxg6 hxg6 14.Qc2 d4 15.e4 Re8
16.Bg5 dxc3 17.bxc3 Qe6 18.Bc4 Qg4 19.Bxf6 Bxf6 20.Bd5 Kg7 21.Kf1 Bd7 22.Bxb7
Rh8 23.Rg1 Bb5+ 24.c4 Rad8 25.Bd5 Bxa1 26.cxb5 Rhe8 27.Nf3 Qf4 28.Bc6 Re6 29.Rh1
Bd4 30.Rh4 Qd6 31.Qd2 Bf6 32.Qh6+ Kg8 33.Qh7+ Kf8 34.Bd5 Bxh4 35.Qxh4 Rf6 36.e5
Qxd5 37.Qh8+ Ke7 38.exf6+ Ke6 39.Qh4 Qd1+ 40.Ne1 Qd4 41.g4 Qxf6 42.g5 Qf5 43.f3
Rd4 44.Qh8 Qxg5 45.Qc8+ Kf6 46.Qa6+ Kg7 47.Qxa7 Rd2 48.Qa5 Qe3 0-1

[Event "XXXIV Open Internacional de Barbera del Valles - G
[Site "Barbera del Valles (Spain)"]
[Date "2011.07.04"]
[Round "1"]
[Board "1"]
[White "L'AMI, Alina"]
[Black "VELEZ ROMERO, Juan Luis"]
[Result "1-0"]
[WhiteElo "2312"]
[BlackElo "1939"]
[PlyCount "47"]
[EventDate "2011.07.04"]
[EventRounds "9"]
[EventCountry "ESP"]

1.d4 Nf6 2.c4 c5 3.d5 e6 4.Nc3 exd5 5.cxd5 d6 6.e4 g6 7.Bd3 Bg7 8.h3 O-O 9.Nf3
b5 10.a3 b4 11.axb4 cxb4 12.Nb5 Nxe4 13.Bxe4 Re8 14.O-O Rxe4 15.Re1 Rxe1+
16.Qxe1 Na6 17.Bf4 Bd7 18.Nxd6 Nc5 19.Qe3 Na4 20.Ne5 Nxb2 21.Qb3 Na4 22.Ndxf7
Qf8 23.d6 h6 24.Ng5+ 1-0

[Event "XXXIV Open Internacional de Barbera del Valles - G
[Site "Barbera del Valles (Spain)"]
[Date "2011.07.04"]
[Round "1"]
[Board "1"]
[White "BYSTROV, Sergej M"]
[Black "BUFI PUJADAS, Antonio"]
[Result "1-0"]
[WhiteElo "2300"]
[BlackElo "1902"]
[PlyCount "75"]
[EventDate "2011.07.04"]
[EventRounds "9"]
[EventCountry "ESP"]

1.d4 Nf6 2.Nf3 e6 3.g3 b6 4.Bg2 Bb7 5.O-O Be7 6.c4 O-O 7.d5 d6 8.Nc3 e5 9.e4
Nbd7 10.Ne1 a5 11.Be3 Nc5 12.a3 Bc8 13.h3 Nfd7 14.b4 Nb7 15.Nc2 Bf6 16.Qd2 Re8
17.Kh2 Nf8 18.Rac1 Ng6 19.Ne1 Be7 20.Nd3 f5 21.f3 Rf8 22.exf5 Bxf5 23.Nf2 axb4
24.axb4 Bd7 25.Nfe4 Qe8 26.Ng5 Bxg5 27.Bxg5 Nd8 28.Ne4 Nf7 29.Be3 Ra3 30.Ra1 Qa8
31.Qb2 Ra4 32.Rxa4 Bxa4 33.b5 Qb7 34.Ra1 Ra8 35.Nc3 Ne7 36.Rxa4 Rf8 37.Ne4 Nf5
38.Bf2 1-0

[Event "XXXIV Open Internacional de Barbera del Valles - G
[Site "Barbera del Valles (Spain)"]
[Date "2011.07.05"]
[Round "2"]
[Board "1"]
[White "VAN RIEMSDIJK, Herman C"]
[Black "GEORGIEV, Kiril"]
[Result "1-0"]
[WhiteElo "2403"]
[BlackElo "2654"]
[PlyCount "107"]
[EventDate "2011.07.04"]
[EventRounds "9"]
[EventCountry "ESP"]

1.e4 c5 2.Nf3 d6 3.d4 cxd4 4.Nxd4 Nf6 5.Nc3 a6 6.Bg5 e6 7.Qf3 Be7 8.O-O-O Qc7
9.Qg3 Nbd7 10.Be2 Rb8 11.f4 b5 12.e5 dxe5 13.fxe5 b4 14.exf6 Qxg3 15.hxg3 gxf6
16.Nd5 exd5 17.Bf4 Ne5 18.Nf3 Rb6 19.Nxe5 fxe5 20.Bxe5 O-O 21.Bd3 h6 22.Bf4 Kg7
23.Rde1 Bd8 24.Re5 d4 25.Rd5 Re8 26.Rxd4 Bb7 27.Bd2 Bxg2 28.Rg1 Bf3 29.Rxb4 Rxb4
30.Bxb4 Re6 31.Bc3+ Kg8 32.b4 Bc7 33.Kb2 Be2 34.Bf5 Re3 35.Bd2 Be5+ 36.Kb1 Rxg3
37.Rxg3+ Bxg3 38.Bxh6 Be1 39.a3 a5 40.Bd3 Bxd3 41.cxd3 axb4 42.a4 f5 43.Bf4 Kf7
44.a5 Bf2 45.Bb8 f4 46.a6 Ke6 47.a7 Bxa7 48.Bxa7 Kd5 49.Kc2 Kc6 50.Kb3 Kb5
51.Bf2 f3 52.d4 Ka5 53.d5 Kb5 54.Bd4 1-0

[Event "XXXIV Open Internacional de Barbera del Valles - G
[Site "Barbera del Valles (Spain)"]
[Date "2011.07.05"]
[Round "2"]
[Board "1"]
[White "ITURRIZAGA, Eduardo"]
[Black "VEHI BACH, Victor Manuel"]
[Result "1-0"]
[WhiteElo "2603"]
[BlackElo "2403"]
[PlyCount "85"]
[EventDate "2011.07.04"]
[EventRounds "9"]
[EventCountry "ESP"]

1.d4 Nf6 2.c4 e6 3.Nc3 Bb4 4.Qc2 O-O 5.a3 Bxc3+ 6.Qxc3 d5 7.Bg5 dxc4 8.Qxc4 b6
9.Rd1 Ba6 10.Qc2 Nbd7 11.e4 Bxf1 12.Kxf1 Qc8 13.Qc6 Qa6+ 14.Ne2 Rac8 15.Bxf6
Nxf6 16.f3 Rfd8 17.Kf2 Rd6 18.Qc2 Rdd8 19.Nf4 h6 20.d5 exd5 21.e5 Nh7 22.Nxd5
Re8 23.Nb4 Qb7 24.Nc6 b5 25.Qc5 Qb6 26.Rc1 Nf8 27.Qxb6 axb6 28.Rhd1 Ng6 29.Rd5
Nf4 30.Rd7 Ra8 31.g3 Ne6 32.Rcd1 Ra4 33.Nb4 Raa8 34.f4 Kf8 35.Nc6 Ra4 36.f5 Nc5
37.Rd8 Ra8 38.Rxa8 Rxa8 39.b4 Ne4+ 40.Ke3 Nc3 41.Rd7 Kg8 42.Kd4 Rxa3 43.Rd8+ 1-0

[Event "XXXIV Open Internacional de Barbera del Valles - G
[Site "Barbera del Valles (Spain)"]
[Date "2011.07.05"]
[Round "2"]
[Board "1"]
[White "PERPINYA ROFES, Lluis Maria"]
[Black "PERALTA, Fernando"]
[Result "1/2-1/2"]
[WhiteElo "2395"]
[BlackElo "2601"]
[PlyCount "111"]
[EventDate "2011.07.04"]
[EventRounds "9"]
[EventCountry "ESP"]

1.e4 c6 2.d4 d5 3.Nc3 dxe4 4.Nxe4 Bf5 5.Ng3 Bg6 6.h4 h6 7.Nf3 Nd7 8.h5 Bh7 9.Bd3
Bxd3 10.Qxd3 e6 11.Bd2 Ngf6 12.O-O-O Be7 13.Kb1 Qb6 14.c4 O-O 15.Ne4 Rad8 16.Qe2
Nxe4 17.Qxe4 Nf6 18.Qe2 c5 19.Bc3 cxd4 20.Bxd4 Bc5 21.Bxc5 Qxc5 22.Ne5 a6 23.g4
Rd4 24.Rxd4 Qxd4 25.Rd1 Qf4 26.f3 Rc8 27.a3 b5 28.c5 Nd5 29.Ng6 Qc4 30.Qxc4 bxc4
31.Rxd5 fxg6 32.Re5 gxh5 33.gxh5 Kf7 34.f4 g6 35.hxg6+ Kxg6 36.Rxe6+ Kg7 37.c6
h5 38.Kc2 h4 39.Kc3 h3 40.Re3 Rh8 41.Re1 Kf6 42.Kxc4 h2 43.Rh1 Ke6 44.Kc5 Rh5+
45.Kb6 Rb5+ 46.Kxa6 Rxb2 47.Rd1 Rc2 48.Kb7 Rd2 49.c7 Rxd1 50.c8=Q+ Rd7+ 51.Kb6
h1=Q 52.f5+ Ke7 53.f6+ Kd6 54.Qb8+ Ke6 55.Qe8+ Kd6 56.Qb8+ 1/2-1/2

[Event "XXXIV Open Internacional de Barbera del Valles - G
[Site "Barbera del Valles (Spain)"]
[Date "2011.07.05"]
[Round "2"]
[Board "1"]
[White "FENOLLAR JORDA, Manuel"]
[Black "LEON HOYOS, Manuel"]
[Result "1-0"]
[WhiteElo "2358"]
[BlackElo "2548"]
[PlyCount "71"]
[EventDate "2011.07.04"]
[EventRounds "9"]
[EventCountry "ESP"]

1.d4 Nf6 2.Nf3 g6 3.Bg5 Bg7 4.Nbd2 d6 5.e4 h6 6.Bh4 g5 7.Bg3 Nh5 8.c3 e6 9.Ng1
Nxg3 10.hxg3 Nc6 11.Bd3 Bd7 12.f4 Qe7 13.Qf3 O-O-O 14.Ne2 Rdf8 15.f5 exf5
16.exf5 h5 17.Rxh5 Rxh5 18.Qxh5 Rh8 19.Qf3 Rh1+ 20.Nf1 g4 21.Qxg4 Bh6 22.Qf3 Qg5
23.Kf2 Ne7 24.g4 Bc6 25.Be4 Bxe4 26.Qxe4 Rh4 27.Ne3 Kd7 28.Ng1 Rh1 29.g3 Rh2+
30.Ng2 d5 31.Qe2 Qf6 32.Nf3 Rh3 33.Re1 Qd6 34.Qe5 Bg7 35.Qxd6+ Kxd6 36.Ngh4 1-0

[Event "XXXIV Open Internacional de Barbera del Valles - G
[Site "Barbera del Valles (Spain)"]
[Date "2011.07.05"]
[Round "2"]
[Board "1"]
[White "NARCISO DUBLAN, Marc"]
[Black "THAKUR, Akash"]
[Result "1-0"]
[WhiteElo "2544"]
[BlackElo "2327"]
[PlyCount "77"]
[EventDate "2011.07.04"]
[EventRounds "9"]
[EventCountry "ESP"]

1.e4 e5 2.Nc3 Nc6 3.g3 Nf6 4.Bg2 Bc5 5.Nge2 a6 6.O-O d6 7.h3 Be6 8.Nd5 Nd4
9.Nxd4 Bxd4 10.c3 Ba7 11.Nxf6+ Qxf6 12.Kh2 h5 13.d3 O-O-O 14.f4 exf4 15.Bxf4 Qe7
16.Qd2 f6 17.b4 Bb8 18.c4 c6 19.Kg1 Qd7 20.h4 Rdg8 21.b5 g5 22.bxc6 bxc6 23.hxg5
h4 24.Rfb1 Ba7+ 25.Kf1 fxg5 26.Qa5 Rh7 27.Bd2 Qf7+ 28.Ke1 Bf2+ 29.Kd1 Qa7 30.Qa4
Bd7 31.Rb3 Kd8 32.Rab1 Ke7 33.Rb7 Qd4 34.Rxd7+ Kxd7 35.Rb7+ Ke6 36.Rxh7 Qxd3
37.Qxc6 Bxg3 38.Qd7+ Ke5 39.Qf5+ 1-0

[Event "XXXIV Open Internacional de Barbera del Valles - G
[Site "Barbera del Valles (Spain)"]
[Date "2011.07.05"]
[Round "2"]
[Board "1"]
[White "SANDE EDREIRA, Jose Antonio"]
[Black "CUARTAS, Jaime Alexander"]
[Result "1/2-1/2"]
[WhiteElo "2348"]
[BlackElo "2542"]
[PlyCount "126"]
[EventDate "2011.07.04"]
[EventRounds "9"]
[EventCountry "ESP"]

1.c4 c6 2.g3 d5 3.Nf3 Nf6 4.Bg2 Bg4 5.Ne5 Be6 6.cxd5 Bxd5 7.Nf3 c5 8.Nc3 Bc6
9.O-O e6 10.d3 Be7 11.e4 O-O 12.Qc2 Nfd7 13.d4 cxd4 14.Nxd4 Bf6 15.Rd1 Qe7
16.Be3 Rd8 17.Rd2 Bxd4 18.Bxd4 Na6 19.Rad1 Nc7 20.f4 a6 21.Bf2 Nf8 22.Bb6 Rxd2
23.Qxd2 Rc8 24.Qd6 Qxd6 25.Rxd6 Nb5 26.Nxb5 Bxb5 27.Rd2 f6 28.Kf2 Kf7 29.b3 Rc1
30.Be3 Bc6 31.Rd7+ Nxd7 32.Bxc1 Nc5 33.Ke3 f5 34.Ba3 Nxe4 35.Bxe4 Bxe4 36.Bb2
Bb1 37.a3 Ba2 38.b4 Kg6 39.a4 Bb3 40.a5 Bd5 41.Bd4 Kh6 42.h4 g6 43.Kf2 Kh5
44.Bf6 h6 45.Be7 Bc6 46.Bd8 Kg4 47.Be7 e5 48.fxe5 g5 49.hxg5 hxg5 50.Bd8 Bd5
51.e6 Bxe6 52.Bc7 Bd5 53.Bd6 f4 54.gxf4 gxf4 55.Bc7 Kf5 56.Bd6 Ke4 57.Bf8 Kd4
58.Be7 Kc4 59.Bf8 Kb5 60.Be7 b6 61.axb6 Kxb6 62.Bf8 Kb5 63.Be7 Kc4 1/2-1/2

[Event "XXXIV Open Internacional de Barbera del Valles - G
[Site "Barbera del Valles (Spain)"]
[Date "2011.07.05"]
[Round "2"]
[Board "1"]
[White "SANCHEZ IBERN, Marc"]
[Black "BACALLAO ALONSO, Yusnel"]
[Result "1/2-1/2"]
[WhiteElo "2327"]
[BlackElo "2532"]
[PlyCount "163"]
[EventDate "2011.07.04"]
[EventRounds "9"]
[EventCountry "ESP"]

1.d4 Nf6 2.c4 g6 3.Nc3 d5 4.cxd5 Nxd5 5.e4 Nxc3 6.bxc3 Bg7 7.Bc4 c5 8.Ne2 O-O
9.O-O Nc6 10.Be3 Bg4 11.f3 Bd7 12.Rb1 Qc7 13.Bd3 Rad8 14.Qd2 Bc8 15.Rfc1 e6
16.Bf4 Qe7 17.Bg5 Bf6 18.Bxf6 Qxf6 19.Bb5 cxd4 20.Bxc6 bxc6 21.cxd4 Ba6 22.Rxc6
Bxe2 23.Qxe2 Qxd4+ 24.Qf2 Qa4 25.Qc2 Qd4+ 26.Qf2 Qd3 27.Qc2 Qe3+ 28.Qf2 Qa3
29.Qb2 Qa5 30.Rc2 Rd6 31.Qb4 Qd8 32.Rf1 Qd7 33.Qa5 Rd1 34.Rcf2 Rc8 35.Rxd1 Qxd1+
36.Rf1 Qd4+ 37.Kh1 Rc2 38.Rg1 Kg7 39.h3 Rc4 40.Rb1 Ra4 41.Qg5 h6 42.Qe7 Rxa2
43.Qb4 Qxb4 44.Rxb4 g5 45.Rb7 Kg6 46.Kh2 a5 47.Ra7 a4 48.Kg3 a3 49.Ra6 Ra1 50.h4
gxh4+ 51.Kxh4 h5 52.Ra5 a2 53.Kg3 e5 54.Ra8 h4+ 55.Kh2 Kg5 56.Ra7 f6 57.Ra6 f5
58.exf5 Kxf5 59.Ra4 Kf6 60.Ra8 Kg5 61.Ra4 Kf5 62.Ra8 Kf4 63.Ra5 Kf5 64.Ra4 Ke6
65.Ra5 Kd6 66.Ra8 Kc5 67.Ra7 Kc4 68.Ra3 Kd4 69.Ra5 Kc3 70.Ra8 Kc4 71.Ra7 Kd3
72.Ra5 Kd4 73.Ra3 Kc4 74.Ra8 Kc3 75.Ra7 Kc2 76.Ra8 Kb3 77.Rb8+ Kc4 78.Ra8 Kd4
79.Ra3 Kd5 80.Ra5+ Ke6 81.Ra8 Kf5 82.Ra4 1/2-1/2

[Event "XXXIV Open Internacional de Barbera del Valles - G
[Site "Barbera del Valles (Spain)"]
[Date "2011.07.05"]
[Round "2"]
[Board "1"]
[White "IBARRA JEREZ, Jose Carlos"]
[Black "BYSTROV, Sergej M"]
[Result "1-0"]
[WhiteElo "2530"]
[BlackElo "2300"]
[PlyCount "57"]
[EventDate "2011.07.04"]
[EventRounds "9"]
[EventCountry "ESP"]

1.e4 c5 2.Nf3 a6 3.c4 e6 4.Nc3 d6 5.d4 cxd4 6.Nxd4 Nf6 7.Be2 Be7 8.O-O O-O 9.Be3
Qc7 10.Qd2 b6 11.Rfc1 Bb7 12.f3 Nbd7 13.a4 Rac8 14.a5 bxa5 15.Nb3 Ra8 16.Nxa5
Bc8 17.b4 Ne5 18.Na4 Rb8 19.c5 d5 20.Bf4 Nh5 21.Be3 dxe4 22.fxe4 Nf6 23.Bf4 Nfd7
24.Rab1 Bf6 25.Qe3 Kh8 26.c6 Nb6 27.Nc5 Ra8 28.Nd3 Rb8 29.Qc5 1-0

[Event "XXXIV Open Internacional de Barbera del Valles - G
[Site "Barbera del Valles (Spain)"]
[Date "2011.07.05"]
[Round "2"]
[Board "1"]
[White "BRYNELL, Stellan"]
[Black "ALBERTO, Manuel"]
[Result "1-0"]
[WhiteElo "2495"]
[BlackElo "2218"]
[PlyCount "88"]
[EventDate "2011.07.04"]
[EventRounds "9"]
[EventCountry "ESP"]

1.d4 Nf6 2.c4 c5 3.d5 b5 4.cxb5 a6 5.b6 Qxb6 6.Nc3 g6 7.Nf3 Bg7 8.e4 d6 9.Nd2
O-O 10.a4 a5 11.Bb5 Na6 12.O-O Nb4 13.Nc4 Qd8 14.Bg5 Ng4 15.Qd2 Ba6 16.f4 Bd4+
17.Kh1 h6 18.Bh4 Kh7 19.Rae1 Nf6 20.Re2 Ra7 21.Bxa6 Rxa6 22.Nb5 Qd7 23.h3 Rg8
24.Nxd4 cxd4 25.Qxd4 g5 26.fxg5 hxg5 27.Bg3 Rg7 28.Ne3 Nh5 29.Bh2 Ra8 30.Ref2 f6
31.g4 Nf4 32.Bxf4 gxf4 33.Rxf4 Rh8 34.Nf5 Rg6 35.Rc1 Kg8 36.Rc8+ Kh7 37.Rxh8+
Kxh8 38.Rf1 Kh7 39.Rc1 Qxa4 40.Qf2 Rh6 41.Qe3 Rg6 42.Nxe7 Nc2 43.Qd3 Nb4 44.Qf3
Na2 1-0

[Event "XXXIV Open Internacional de Barbera del Valles - G
[Site "Barbera del Valles (Spain)"]
[Date "2011.07.05"]
[Round "2"]
[Board "1"]
[White "CODENOTTI, Marco"]
[Black "GONZALEZ PEREZ, Arian"]
[Result "1-0"]
[WhiteElo "2323"]
[BlackElo "2490"]
[PlyCount "59"]
[EventDate "2011.07.04"]
[EventRounds "9"]
[EventCountry "ESP"]

1.e4 c5 2.Nf3 d6 3.d4 cxd4 4.Nxd4 Nf6 5.Nc3 g6 6.Be3 Bg7 7.f3 O-O 8.Qd2 Nc6
9.O-O-O d5 10.Kb1 Rb8 11.h4 h5 12.Be2 a6 13.g4 Nxd4 14.Bxd4 dxe4 15.Qf4 Bd7
16.Nxe4 hxg4 17.h5 Nxe4 18.Bxg7 Kxg7 19.hxg6 fxg6 20.Qh6+ Kf7 21.Bc4+ e6 22.Qh7+
Kf6 23.Rxd7 Nd2+ 24.Ka1 Nxc4 25.Qg7+ Kg5 26.Qh6+ Kf5 27.fxg4+ Ke4 28.Qxg6+ Ke5
29.Re1+ Kf4 30.Qe4+ 1-0

[Event "XXXIV Open Internacional de Barbera del Valles - G
[Site "Barbera del Valles (Spain)"]
[Date "2011.07.05"]
[Round "2"]
[Board "1"]
[White "DELGADO RAMOS, Hector"]
[Black "MARTIN CAPITAN, Feliciano"]
[Result "1-0"]
[WhiteElo "2488"]
[BlackElo "2133"]
[PlyCount "41"]
[EventDate "2011.07.04"]
[EventRounds "9"]
[EventCountry "ESP"]

1.d4 d5 2.Nf3 Nf6 3.e3 e6 4.Bd3 Bd6 5.O-O Nbd7 6.c4 c6 7.Nc3 O-O 8.e4 dxe4
9.Nxe4 Nxe4 10.Bxe4 f5 11.Bc2 e5 12.Bg5 Qa5 13.c5 Bb8 14.Be7 Re8 15.Bb3+ Kh8
16.Bd6 Bxd6 17.Ng5 g6 18.Nf7+ Kg7 19.Nxd6 Re7 20.Qc1 exd4 21.Nxf5+ 1-0

[Event "XXXIV Open Internacional de Barbera del Valles - G
[Site "Barbera del Valles (Spain)"]
[Date "2011.07.05"]
[Round "2"]
[Board "1"]
[White "PEREZ MITJANS, Orelvis"]
[Black "SILVA RODRIGUEZ, Julio"]
[Result "1-0"]
[WhiteElo "2452"]
[BlackElo "2133"]
[PlyCount "139"]
[EventDate "2011.07.04"]
[EventRounds "9"]
[EventCountry "ESP"]

1.e4 e6 2.d4 d5 3.e5 c5 4.c3 Qb6 5.Nf3 Nc6 6.Bd3 cxd4 7.cxd4 Bd7 8.Nc3 Nxd4
9.Nxd4 Qxd4 10.O-O a6 11.Qf3 Ne7 12.Rd1 Qxe5 13.Bf4 Qf6 14.Re1 Bc6 15.Qg3 Ng6
16.Bg5 Bd6 17.Bxf6 Bxg3 18.Bxg7 Rg8 19.Bf6 Bd6 20.g3 Be7 21.Bd4 Kd7 22.Kf1 h5
23.h4 f6 24.f4 Bd6 25.Rad1 Ne7 26.Re3 Raf8 27.Ke1 e5 28.fxe5 fxe5 29.Bxe5 Bc5
30.Re2 d4 31.Be4 Bxe4 32.Bxd4 Bxd4 33.Rxd4+ Kc7 34.Nxe4 Nf5 35.Rd3 Rg4 36.Rf3
Rgg8 37.Ng5 Nd4 38.Rxf8 Rxf8 39.Ne6+ Nxe6 40.Rxe6 Rf5 41.Ke2 Ra5 42.a3 Rb5 43.b4
Rf5 44.Ke3 Kd7 45.Rh6 a5 46.Kd4 Rf3 47.Kc5 Rxg3 48.b5 Rxa3 49.Kb6 a4 50.Rh7+ Kc8
51.Rh8+ Kd7 52.Rxh5 Rb3 53.Kxb7 Rb4 54.b6 a3 55.Ra5 Rxh4 56.Rxa3 Rb4 57.Rd3+ Ke7
58.Kc7 Rc4+ 59.Kb8 Rb4 60.b7 Ra4 61.Rh3 Ra1 62.Kc7 Rc1+ 63.Kb6 Rb1+ 64.Kc6 Rc1+
65.Kd5 Rd1+ 66.Kc5 Rd8 67.Re3+ Kf6 68.Kc6 Rh8 69.Kc7 Rh7+ 70.Kb6 1-0

[Event "XXXIV Open Internacional de Barbera del Valles - G
[Site "Barbera del Valles (Spain)"]
[Date "2011.07.05"]
[Round "2"]
[Board "1"]
[White "SUBIRATS RUIZ, Sergi"]
[Black "ASIS GARGATAGLI, Hipolit"]
[Result "1/2-1/2"]
[WhiteElo "2179"]
[BlackElo "2431"]
[PlyCount "70"]
[EventDate "2011.07.04"]
[EventRounds "9"]
[EventCountry "ESP"]

1.e4 c5 2.Qe2 Nc6 3.g3 d5 4.d3 Nd4 5.Qd2 Nf6 6.Bg2 dxe4 7.dxe4 Qc7 8.c3 Nc6
9.Na3 Bg4 10.f3 Rd8 11.Qe2 Bc8 12.f4 a6 13.e5 Nd5 14.Nc4 e6 15.a4 Na5 16.Nf3
Nxc4 17.Qxc4 Be7 18.O-O O-O 19.h4 Bd7 20.Qe2 c4 21.Kh2 Nb6 22.a5 Na4 23.Ng5 h6
24.f5 exf5 25.Nxf7 Kxf7 26.e6+ Bxe6 27.Rxa4 Bd6 28.Bf4 Bxf4 29.Rxf4 Rfe8 30.Rb4
Qxa5 31.Rxb7+ Kg8 32.Bc6 Bd7 33.Qxc4+ Be6 34.Qe2 Bd7 35.Qc4+ Be6 1/2-1/2

[Event "XXXIV Open Internacional de Barbera del Valles - G
[Site "Barbera del Valles (Spain)"]
[Date "2011.07.05"]
[Round "2"]
[Board "1"]
[White "MATNADZE, Ana"]
[Black "DO SANTOS JULIO, Joao Manuel"]
[Result "1-0"]
[WhiteElo "2428"]
[BlackElo "2104"]
[PlyCount "93"]
[EventDate "2011.07.04"]
[EventRounds "9"]
[EventCountry "ESP"]

1.d4 Nf6 2.Nf3 d5 3.g3 Bf5 4.Bg2 e6 5.O-O Nbd7 6.c4 c6 7.Nc3 h6 8.b3 Be7 9.Bb2
O-O 10.Nd2 Bg4 11.h3 Bh5 12.g4 Bg6 13.e4 dxe4 14.Ndxe4 Nxe4 15.Nxe4 f5 16.Ng3
Bf6 17.Qe2 Re8 18.f4 Bh4 19.Nh1 a5 20.Rad1 Qc7 21.Qe3 a4 22.b4 Nb6 23.Rc1 Qd8
24.a3 Bf7 25.Rfd1 Qc7 26.Qe5 Qe7 27.Qe2 Qc7 28.Qe5 Qd8 29.Nf2 Nd7 30.Qe2 g5
31.Nd3 gxf4 32.Nxf4 Bg5 33.Rf1 Qc7 34.Nd3 Bg6 35.Rcd1 Rad8 36.Nc5 Nxc5 37.dxc5
Rxd1 38.Rxd1 Kf7 39.Rd6 Bf4 40.Be5 Bxe5 41.Qxe5 Re7 42.Qh8 Rd7 43.gxf5 Bxf5
44.Bf3 Bg6 45.Bh5 Bxh5 46.Qh7+ Ke8 47.Qg8+ 1-0

[Event "XXXIV Open Internacional de Barbera del Valles - G
[Site "Barbera del Valles (Spain)"]
[Date "2011.07.05"]
[Round "2"]
[Board "1"]
[White "ANUPRITA, Patil"]
[Black "VASSALLO BARROCHE, Mauricio"]
[Result "0-1"]
[WhiteElo "2048"]
[BlackElo "2416"]
[PlyCount "62"]
[EventDate "2011.07.04"]
[EventRounds "9"]
[EventCountry "ESP"]

1.Nf3 Nf6 2.g3 d5 3.Bg2 c6 4.c4 e6 5.O-O Be7 6.d4 O-O 7.Qc2 b6 8.Nbd2 Bb7 9.e4
Nbd7 10.e5 Ne8 11.cxd5 cxd5 12.a4 Nb8 13.Nb1 Nc6 14.Nc3 Nb4 15.Qb3 a5 16.Na2 Ba6
17.Nxb4 Bxb4 18.Bg5 f6 19.exf6 gxf6 20.Bh6 Bxf1 21.Bxf1 Ng7 22.Qe3 Re8 23.Bh3
Qd7 24.g4 Bd6 25.Qb3 Rab8 26.Kh1 b5 27.g5 bxa4 28.Qd3 Rb3 29.Qe2 f5 30.Rg1 Qb5
31.Qd1 Qd3 0-1